000 01263nam a2200325 i 4500
003 EG-GICUC
005 20260509220333.0
008 260421s1976 fr d|||fr|||| 100 0 FRE d
040 _aEG-GiCUC
_cEG-GiCUC
_dEG-GiCUC
_eRda
_bfre
041 0 _afre
082 0 4 _221
_a343.65205
_bCO . A
092 0 4 _221
099 _aLaw1 10 343.65205 CO . A 1976
111 2 _aCongres Français De Criminologie
_nXV :
_d9 - 10 -11 octobre 1975 :
_cClermont-ferrand.
245 1 0 _aAspects Modernes Du Banditisme /
_cPrésident Du Congrès: M Le Bátonnier Marcel Berthon, Secretaire Générale Me Bernadette Touveron.
264 1 _aClermont-ferrand :
_b[indéfini],
_c1976.
300 _a368 page, pages non numérotées :
_btableaux, graphiques ;
_c 24 cm.
336 _2rda contenu
_a texte
337 _2rda medias
_aOrdinateur
338 _2 transporteur rda
_a Ressource en ligne
504 _aComprend des références bibliographiques.
546 _aالنص باللغة الفرنسية
650 1 _2Droit pénal
651 1 _2qrmak
700 _aLe Bátonnier Marcel Berthon
_eContributor
700 _aBernadette Touveron.
_eContributor
856 4 0 _uhttps://fll.law.cu.edu.eg/fulltext/bks/B10-10829.pdf
905 _a62
942 _2ddc
_n0
_cBK
_e21
999 _c72567
_d72567